[Event "Bois Gentil op"]
[Site "Geneve"]
[Date "2017.02.24"]
[Round "6"]
[White "Vernay, Clovis"]
[Black "Le Bourhis, Gael"]
[Result "1-0"]
[WhiteElo "2506"]
[BlackElo "2136"]
[PlyCount "73"]
[EventDate "2017.01.13"]
[EventType "swiss"]
[EventRounds "7"]
[EventCountry "SUI"]
[SourceTitle "EXT 2018"]
[Source "ChessBase"]
[SourceDate "2017.10.13"]
[SourceVersion "1"]
[SourceVersionDate "2017.10.13"]
[SourceQuality "1"]

1. d4 d5 2. c4 e6 3. Nc3 c5 4. cxd5 cxd4 5. Qa4+ Bd7 6. Qxd4 exd5 7. Qxd5 Nc6 8. Bg5 Nf6 9. Qb3 Nd4 10. Qd1 Qb6 11. Rc1 Bc5 12. e3 Qe6 13. Bxf6 gxf6 14. Nge2 Nxe2 15. Bxe2 Rd8 16. Qd5 Qb6 17. Qe4+ Be6 18. Bb5+ Kf8 19. 0-0 Bd6 20. Rfd1 a6 21. Bc4 Re8 22. Qh4 Kg7 23. Bxe6 Rxe6 24. Qg4+ Kf8 25. Nd5 Qd8 26. Qh4 h5 27. Nf4 Re5 28. Rd4 Qe7 29. Rcd1 f5 30. Qh3 Rh6 31. Qf3 Bc5 32. Rd7 Qg5 33. Qxb7 Rh7 34. Rd8+ Kg7 35. R8d5 Rxe3 36. Qc7 Re7 37. Qxc5 1-0

[Event "Bois Gentil op"]
[Site "Geneve"]
[Date "2017.02.10"]
[Round "5"]
[White "Lesquereux, Nicolas"]
[Black "Le Bourhis, Gael"]
[Result "0-1"]
[WhiteElo "1662"]
[BlackElo "2136"]
[PlyCount "70"]
[EventDate "2017.01.13"]
[EventType "swiss"]
[EventRounds "7"]
[EventCountry "SUI"]
[SourceTitle "EXT 2018"]
[Source "ChessBase"]
[SourceDate "2017.10.13"]
[SourceVersion "1"]
[SourceVersionDate "2017.10.13"]
[SourceQuality "1"]

1. e4 Nc6 2. d4 d5 3. exd5 Qxd5 4. Nf3 e5 5. Nc3 Bb4 6. Bd2 Bxc3 7. bxc3 e4 8. c4 Qd6 9. d5 exf3 10. dxc6 Qxc6 11. Qxf3 Qxf3 12. gxf3 Bf5 13. 0-0-0 0-0-0 14. Rg1 Bg6 15. Bh3+ Kb8 16. Bf4 Ne7 17. Rxd8+ Rxd8 18. Rd1 Rxd1+ 19. Kxd1 Nc6 20. c3 f6 21. Be6 Ne5 22. Bxe5 fxe5 23. Kd2 c5 24. Ke3 Kc7 25. f4 Kd6 26. f5 Be8 27. Bg8 h6 28. f4 Bc6 29. fxe5+ Kxe5 30. Be6 Be4 31. Bd5 Bxd5 32. cxd5 Kxd5 33. Kf4 b5 34. a3 a5 35. h4 b4 0-1

[Event "Bois Gentil op"]
[Site "Geneve"]
[Date "2016.03.11"]
[Round "7"]
[White "Schmid, Pablo"]
[Black "Le Bourhis, Gael"]
[Result "1-0"]
[WhiteElo "2144"]
[BlackElo "2140"]
[PlyCount "61"]
[EventDate "2016.01.15"]
[EventType "swiss"]
[EventRounds "7"]
[EventCountry "SUI"]
[SourceTitle "EXT 2017"]
[Source "ChessBase"]
[SourceDate "2016.10.25"]
[SourceVersion "1"]
[SourceVersionDate "2016.10.25"]
[SourceQuality "1"]

1. d4 d5 2. Bf4 Bf5 3. c4 Nc6 4. a3 e6 5. cxd5 exd5 6. e3 Bd6 7. Bg3 Nf6 8. Nc3 0-0 9. Bd3 Bxd3 10. Qxd3 Re8 11. Nge2 a6 12. Bh4 Be7 13. 0-0 Nh5 14. Bxe7 Nxe7 15. b4 Qd7 16. Nc1 Nf5 17. Qd1 Nf6 18. Nd3 Nd6 19. Ne5 Qe6 20. Ne2 Nc4 21. Nf4 Qe7 22. Nxd5 Nxd5 23. Nxc4 Rad8 24. Qc2 Qg5 25. Rae1 Re6 26. f4 Qh6 27. Ne5 f6 28. Ng4 Qh4 29. Qf5 Ree8 30. g3 Ne7 31. Qe6+ 1-0

[Event "Bois Gentil op"]
[Site "Geneve"]
[Date "2016.02.26"]
[Round "6"]
[White "Le Bourhis, Gael"]
[Black "Bechtel, Pierre"]
[Result "1-0"]
[WhiteElo "2140"]
[BlackElo "2062"]
[PlyCount "35"]
[EventDate "2016.01.15"]
[EventType "swiss"]
[EventRounds "7"]
[EventCountry "SUI"]
[SourceTitle "EXT 2017"]
[Source "ChessBase"]
[SourceDate "2016.10.25"]
[SourceVersion "1"]
[SourceVersionDate "2016.10.25"]
[SourceQuality "1"]

1. b3 e5 2. Bb2 Nc6 3. e3 f5 4. d4 e4 5. d5 Nce7 6. Qh5+ Ng6 7. Qxf5 Qe7 8. Nd2 Nf6 9. Bxf6 gxf6 10. Qxe4 d6 11. Bb5+ Kf7 12. Qxe7+ Bxe7 13. Ngf3 a6 14. Bd3 f5 15. 0-0-0 Bf6 16. g3 c6 17. dxc6 bxc6 18. Nc4 1-0

[Event "Bois Gentil op"]
[Site "Geneve"]
[Date "2014.01.17"]
[Round "2"]
[White "De Abreu, Orlando"]
[Black "Le Bourhis, Gael"]
[Result "0-1"]
[WhiteElo "2012"]
[BlackElo "2153"]
[PlyCount "52"]
[EventDate "2014.01.10"]
[EventType "swiss"]
[EventRounds "7"]
[EventCountry "SUI"]
[SourceTitle "CBM 158 Extra"]
[Source "ChessBase"]
[SourceDate "2014.02.28"]
[SourceVersion "1"]
[SourceVersionDate "2014.02.28"]
[SourceQuality "1"]

1. e4 e6 2. d3 d5 3. Nd2 Nf6 4. Ngf3 b6 5. e5 Nfd7 6. d4 c5 7. c3 Be7 8. Bd3 Ba6 9. c4 cxd4 10. 0-0 Nc5 11. Bb1 dxc4 12. Ne4 d3 13. Nfg5 Nxe4 14. Nxe4 0-0 15. Qg4 Kh8 16. Be3 Qd5 17. Nc3 Qxe5 18. Bd4 Qg5 19. Qe4 Nd7 20. f4 Qf5 21. Qc6 Rfd8 22. Qf3 Bc5 23. Bxc5 Nxc5 24. b4 Bb7 25. Qf2 Ne4 26. Nxe4 Qxe4 0-1